Día de fiesta = Jour de fête /
El cartero de un pueblo francés es víctima de las burlas de sus vecinos, quienes llegan al colmo al proyectarle una película sobre el sistema postal norteamericano. El cartero se lo toma muy en serio, y aunque carece del equipo adecuado, sí logra algunos avances en su trabajo. La película va precedi...
Gardado en:
| Autor Principal: | |
|---|---|
| Outros autores: | , , , , , , , , , , |
| Formato: | |
| Idioma: | francés |
| Publicado: |
Francia :
Cady Films : Panoramic Films,
1948, c1948
|
| Temas: | |
| Etiquetas: |
Sen Etiquetas, Sexa o primeiro en etiquetar este rexistro!
|
MARC
| LEADER | 00000ngm^a2200000^a^4500 | ||
|---|---|---|---|
| 001 | 000278168 | ||
| 005 | 20250521000000.0 | ||
| 009 | 20260310111357.004 | ||
| 037 | |a Acervo ITESO - Biblioteca | ||
| 041 | |a FRA | ||
| 082 | |a 840. |b TAT | ||
| 100 | |a Tati, Jacques |e (realización) | ||
| 240 | 1 | 1 | |a [Día de fiesta] |
| 240 | 1 | 1 | |a [Día de fiesta: versión de 1995] |
| 245 | 1 | 0 | |a Día de fiesta = |b Jour de fête / |c Realización de J. Tati. |
| 264 | 4 | |a Francia : |b Cady Films : |b Panoramic Films, |c 1948, c1948 | |
| 264 | 2 | |a México : |b UNAM, Filmoteca [distribución], |c 1995 | |
| 300 | |a 1 videocasete VHS (74 min.) : |b color | ||
| 336 | |a imagen móvil bidimensional |b tdi |2 rdacontenido | ||
| 337 | |a video |b v |2 rdamedio | ||
| 338 | |a videocasete |b vf |2 rdasoporte | ||
| 520 | |a El cartero de un pueblo francés es víctima de las burlas de sus vecinos, quienes llegan al colmo al proyectarle una película sobre el sistema postal norteamericano. El cartero se lo toma muy en serio, y aunque carece del equipo adecuado, sí logra algunos avances en su trabajo. La película va precedida por una explicación sobre cómo se recuperó la copia a colores y sobre la experimentación cromática de Jacques Tati, quien hizo los primeros experimentos de cine en color en su país. | ||
| 546 | |a En francés, con subtítulos en español | ||
| 649 | |a XX | ||
| 650 | |a Carteros en el Cine | ||
| 650 | |a Comedias Cinematográficas | ||
| 650 | |a Opera Prima | ||
| 650 | |a Cine en Color - |z Francia | ||
| 650 | |a Cine Francés - |y 1940-1949 | ||
| 650 | |a Cine Francés - |y Siglo XX | ||
| 650 | |a Servicio Postal - |z Francia | ||
| 650 | |a Bicicletas en el Cine | ||
| 650 | |a Días Festivos - |z Francia | ||
| 650 | |a Zonas Rurales en el Cine | ||
| 650 | |a Zonas Rurales - |z Francia - |z Condiciones Sociales y Culturales | ||
| 650 | |a Cultura Rural - |z Francia | ||
| 700 | |a Tati, Jacques |e (guión) | ||
| 700 | |a Marquet, Henri |e (guión) | ||
| 700 | |a Wheeler, René |e (guión) | ||
| 700 | |a Sauvageot, Jacques |e (fotógrafo) | ||
| 700 | |a Mercanton, Jacques |e (fotógrafo) | ||
| 700 | |a Cottin, Jacques |e (vestuario) | ||
| 700 | |a Tatischeff, Sophie |e (montaje) | ||
| 700 | |a Yatove, Jean |e (música) | ||
| 700 | |a Tati, Jacques |e (actuación) | ||
| 700 | |a Decomble, Guy |e (actuación) | ||
| 700 | |a Frankeur, Paul |e (actuación) | ||
| 910 | |a Fondo General | ||
| 920 | |a Audiovisuales - Videocasetes | ||
| 940 | |a Películas | ||
| 905 | |a 301 | ||
| 901 | |a 0500015222 |b IT2 |c VIS |u 20250521 | ||
| 902 | |a https://opac.biblio.iteso.mx/vufind/Record/000278168 | ||